[Event "Berlin Spring op-B"]
[Site "Berlin"]
[Date "2014.05.03"]
[Round "6"]
[White "Steppan, Siegfried"]
[Black "Strzeletz, Manfred"]
[Result "0-1"]
[WhiteElo "1453"]
[BlackElo "1614"]
[PlyCount "74"]
[EventDate "2014.05.01"]
[EventType "swiss"]
[EventRounds "7"]
[EventCountry "GER"]
[SourceTitle "CBM 160 Extra"]
[Source "ChessBase"]
[SourceDate "2014.07.01"]
[SourceVersion "1"]
[SourceVersionDate "2014.07.01"]
[SourceQuality "1"]

1. d4 Nf6 2. c4 c5 3. d5 e6 4. Nc3 exd5 5. cxd5 d6 6. e4 Be7 7. Bb5+ Bd7 8. Bxd7+ Nbxd7 9. Nf3 0-0 10. 0-0 a6 11. a4 Rb8 12. Qc2 Ng4 13. Bf4 Nge5 14. Nxe5 Nxe5 15. Bg3 Bh4 16. Bxe5 dxe5 17. f4 Bf6 18. f5 Kh8 19. Kh1 b5 20. b3 Qd6 21. axb5 axb5 22. Ra2 Rfc8 23. Rfa1 c4 24. bxc4 b4 25. Ra6 Qc5 26. Ne2 b3 27. Qd3 b2 28. Rb1 Qxc4 29. Qxc4 Rxc4 30. Rxb2 Rbc8 31. Rc6 h5 32. Rxc4 Rxc4 33. Rb8+ Kh7 34. d6 Rxe4 35. Ng1 Rd4 36. Rb6 e4 37. h3 Be5 0-1

[Event "Berlin Spring op-B"]
[Site "Berlin"]
[Date "2014.05.02"]
[Round "4"]
[White "Lawrenz, Sebastian"]
[Black "Strzeletz, Manfred"]
[Result "1-0"]
[WhiteElo "1835"]
[BlackElo "1614"]
[PlyCount "49"]
[EventDate "2014.05.01"]
[EventType "swiss"]
[EventRounds "7"]
[EventCountry "GER"]
[SourceTitle "CBM 160 Extra"]
[Source "ChessBase"]
[SourceDate "2014.07.01"]
[SourceVersion "1"]
[SourceVersionDate "2014.07.01"]
[SourceQuality "1"]

1. e4 c6 2. d4 d5 3. exd5 cxd5 4. Nf3 Nc6 5. Bd3 Bg4 6. c3 Nf6 7. h3 Bh5 8. 0-0 Qb6 9. Re1 Bg6 10. a4 e6 11. Ng5 Nd8 12. a5 Qc6 13. a6 b6 14. Bf1 Bd6 15. Na3 0-0 16. Bb5 Qc7 17. Nf3 Nc6 18. Qa4 Ne7 19. Ne5 Rac8 20. Bg5 Rfd8 21. Rac1 Bxa3 22. Qxa3 Qd6 23. Qa4 h6 24. Bf4 Nh5 25. Bh2 1-0

[Event "Berlin Spring op-B"]
[Site "Berlin"]
[Date "2014.05.02"]
[Round "3"]
[White "Strzeletz, Manfred"]
[Black "Ehrich, Dieter"]
[Result "1-0"]
[WhiteElo "1614"]
[BlackElo "1410"]
[PlyCount "89"]
[EventDate "2014.05.01"]
[EventType "swiss"]
[EventRounds "7"]
[EventCountry "GER"]
[SourceTitle "CBM 160 Extra"]
[Source "ChessBase"]
[SourceDate "2014.07.01"]
[SourceVersion "1"]
[SourceVersionDate "2014.07.01"]
[SourceQuality "1"]

1. e4 c5 2. Nf3 d6 3. d4 cxd4 4. Nxd4 Nf6 5. Nc3 e5 6. Nf3 Be7 7. Bc4 Nbd7 8. Be3 0-0 9. Qd2 Nc5 10. Bxc5 dxc5 11. Qxd8 Rxd8 12. Nxe5 Be6 13. Bxe6 fxe6 14. f3 Rd4 15. Rd1 Rad8 16. Ke2 Rxd1 17. Nxd1 Nh5 18. g3 Nf6 19. Nc3 Ne8 20. Rd1 Rxd1 21. Nxd1 Nd6 22. c3 a6 23. Kd3 g5 24. Ne3 b5 25. b3 h5 26. Nd7 Nb7 27. f4 gxf4 28. gxf4 Kf7 29. Ne5+ Ke8 30. Ng6 Bd8 31. f5 Kf7 32. Nf4 exf5 33. Nxf5 h4 34. h3 Bf6 35. Nd5 Ke6 36. Nxf6 Kxf6 37. Ke3 b4 38. cxb4 cxb4 39. Kd4 Kg5 40. Kd5 Nd8 41. Kc5 Ne6+ 42. Kxb4 Nf4 43. Ka5 Nxh3 44. Kxa6 Nf4 45. Nxh4 1-0

[Event "Berlin Spring op-B"]
[Site "Berlin"]
[Date "2014.05.01"]
[Round "1"]
[White "Strzeletz, Manfred"]
[Black "Lippianowski, Stefan"]
[Result "1-0"]
[WhiteElo "1614"]
[BlackElo "915"]
[PlyCount "49"]
[EventDate "2014.05.01"]
[EventType "swiss"]
[EventRounds "7"]
[EventCountry "GER"]
[SourceTitle "CBM 160 Extra"]
[Source "ChessBase"]
[SourceDate "2014.07.01"]
[SourceVersion "1"]
[SourceVersionDate "2014.07.01"]
[SourceQuality "1"]

1. e4 e5 2. Nf3 Nc6 3. d4 d6 4. Bc4 h6 5. Nc3 exd4 6. Nxd4 Nf6 7. 0-0 Bg4 8. f3 Nxd4 9. Qxd4 c5 10. Qd3 Bh5 11. Bf4 Qb6 12. Bb5+ Nd7 13. Nd5 Qd8 14. Rfe1 g5 15. Bg3 Bg7 16. Bxd6 Bd4+ 17. Kh1 Rc8 18. c3 Bf2 19. Re2 c4 20. Qd2 a6 21. Bxd7+ Qxd7 22. Nf6+ Kd8 23. Nxd7 g4 24. Rxf2 Kxd7 25. Be5+ 1-0